| 000 | 00684nam a22002175a 4500 | ||
|---|---|---|---|
| 005 | 20201128024021.0 | ||
| 008 | 161127t2015 enka frb 001 0 eng d | ||
| 020 | _a9780077169848 | ||
| 040 |
_aEG-ScBUE _beng _cEG-ScBUE _dEG-ScBUE |
||
| 082 | 0 | 4 |
_222 _a150 _bPSY |
| 245 | 0 | 0 |
_aPsychology : _bthe science of mind and behaviour / _cNigel Holt ... [et al.] |
| 250 | _a3rd ed. | ||
| 260 |
_aBerkshire : _bMcGraw-Hill Education, _cc.2015. |
||
| 300 |
_axxix, 958 p. : _bill. ; _c28 cm. |
||
| 504 | _aIncludes bibliographical references and indexes. | ||
| 650 | 7 |
_2BUEsh _9890 _aPsychology. |
|
| 651 | _2BUEsh | ||
| 653 |
_bHHUUPPSS _cNovember2016 |
||
| 700 | 1 | _aHolt, Nigel. | |
| 942 | _2ddc | ||
| 999 |
_c23344 _d23316 |
||